[Event "CP-2014-P-00009"]
[Site "LSS email"]
[Date "2014.09.30"]
[Round "?"]
[White "Silkin, Aleksey Vyacheslavo"]
[Black "Orlov, Vladimir Borisovich"]
[Result "1/2-1/2"]
[WhiteElo "2110"]
[BlackElo "2102"]
[PlyCount "60"]
[EventDate "2014.10.01"]
[EventType "tourn (corr)"]
[EventRounds "6"]
[EventCountry "GER"]
[SourceTitle "Corr 2015"]
[Source "ChessBase"]
[SourceDate "2015.07.17"]
[SourceVersion "1"]
[SourceVersionDate "2015.07.17"]
[SourceQuality "1"]

1. e4 e6 2. d4 d5 3. Nc3 Nf6 4. e5 Nfd7 5. f4 c5 6. Nf3 Nc6 7. Be3 cxd4 8. Nxd4 Bc5 9. Qd2 0-0 10. 0-0-0 a6 11. h4 Nxd4 12. Bxd4 b5 13. Ne2 a5 14. Bxc5 Nxc5 15. Kb1 Ba6 16. Qe3 Qc7 17. Nd4 b4 18. h5 a4 19. h6 g6 20. Bxa6 Rxa6 21. c3 bxc3 22. Qxc3 Qb6 23. Rc1 Ne4 24. Qe3 Rb8 25. Rc2 Ra5 26. Qc1 Rc5 27. Rxc5 Nxc5 28. Rd1 Ne4 29. a3 Qa6 30. Ka1 Qa8 1/2-1/2

[Event "CP-2014-P-00009"]
[Site "LSS email"]
[Date "2014.09.30"]
[Round "?"]
[White "Silkin, Aleksey Vyacheslavo"]
[Black "Zwaneveld, Ansel"]
[Result "1-0"]
[WhiteElo "2110"]
[BlackElo "1039"]
[PlyCount "41"]
[EventDate "2014.10.01"]
[EventType "tourn (corr)"]
[EventRounds "6"]
[EventCountry "GER"]
[SourceTitle "Corr 2015"]
[Source "ChessBase"]
[SourceDate "2015.07.17"]
[SourceVersion "1"]
[SourceVersionDate "2015.07.17"]
[SourceQuality "1"]

1. e4 Nf6 2. e5 Nd5 3. c4 Nb6 4. d4 d6 5. exd6 exd6 6. Nc3 Be7 7. Bd3 0-0 8. Nge2 Bg4 9. 0-0 Bf6 10. Be3 Nc6 11. b3 g6 12. f3 Bc8 13. Be4 Ne7 14. c5 dxc5 15. dxc5 Nd7 16. Qd2 Ne5 17. Qxd8 Rxd8 18. Rad1 Nf5 19. Rxd8+ Bxd8 20. Bf4 Bf6 21. Nd5 1-0

[Event "BI-2014-P-0008"]
[Site "LSS email"]
[Date "2014.04.19"]
[Round "?"]
[White "Newton, Daryl"]
[Black "Silkin, Aleksey Vyacheslavo"]
[Result "0-1"]
[WhiteElo "532"]
[BlackElo "2087"]
[PlyCount "42"]
[EventDate "2014.04.25"]
[EventType "tourn (corr)"]
[EventRounds "10"]
[EventCountry "GER"]
[SourceTitle "Corr 2015"]
[Source "ChessBase"]
[SourceDate "2015.07.17"]
[SourceVersion "1"]
[SourceVersionDate "2015.07.17"]
[SourceQuality "1"]

1. e4 e5 2. Bc4 Nf6 3. Nf3 Nxe4 4. d3 Nf6 5. Ng5 d5 6. Bb3 Bb4+ 7. c3 Bd6 8. Qe2 h6 9. Nxf7 Kxf7 10. Qf3 Be6 11. Be3 Bg4 12. Qg3 e4 13. f4 exd3 14. h3 Be2 15. Bd4 Re8 16. Kd2 Ne4+ 17. Kc1 Nxg3 18. Rg1 Bxf4+ 19. Nd2 Bxd2+ 20. Kxd2 Qg5+ 21. Be3 Qxe3+ 0-1

[Event "BI-2014-P-0008"]
[Site "LSS email"]
[Date "2014.04.19"]
[Round "?"]
[White "Silkin, Aleksey Vyacheslavo"]
[Black "Kopasov, Evgeny Aleksandrovi"]
[Result "1/2-1/2"]
[WhiteElo "2087"]
[BlackElo "2101"]
[PlyCount "102"]
[EventDate "2014.04.25"]
[EventType "tourn (corr)"]
[EventRounds "10"]
[EventCountry "GER"]
[SourceTitle "Corr 2015"]
[Source "ChessBase"]
[SourceDate "2015.07.17"]
[SourceVersion "1"]
[SourceVersionDate "2015.07.17"]
[SourceQuality "1"]

1. d4 d5 2. c4 c6 3. Nf3 Nf6 4. e3 Bg4 5. h3 Bh5 6. Bd3 e6 7. Nbd2 Nbd7 8. 0-0 Bd6 9. Qb3 Qb8 10. Qc2 dxc4 11. Qxc4 0-0 12. b3 Bxf3 13. Nxf3 h6 14. Bb2 Rd8 15. e4 Be7 16. Qc2 a5 17. Rfd1 a4 18. Rab1 axb3 19. axb3 Rc8 20. Ra1 Rxa1 21. Rxa1 Qc7 22. Qe2 Qd8 23. Bc2 Ra8 24. Qc4 Rxa1+ 25. Bxa1 Ne8 26. Qa4 Nc7 27. Bb2 Qa8 28. Qxa8+ Nxa8 29. Kf1 Nc7 30. Ke2 g6 31. Bd3 f5 32. Bc1 Kg7 33. Ne5 Nxe5 34. dxe5 h5 35. f4 fxe4 36. Bxe4 Nd5 37. Kf3 Bb4 38. Bd3 Kf7 39. g3 Kg7 40. g4 hxg4+ 41. hxg4 Kf7 42. Bc4 Ke7 43. Bf1 Kf7 44. Ke4 Nc3+ 45. Kd4 Nd5 46. Kd3 Ke7 47. Ke4 Nc3+ 48. Kd4 Nd5 49. Be2 Kf7 50. Kd3 Ke7 51. Bf3 Kf7 1/2-1/2

[Event "BI-2014-P-0008"]
[Site "LSS email"]
[Date "2014.04.19"]
[Round "?"]
[White "Vysotskiy, Evgeniy"]
[Black "Silkin, Aleksey Vyacheslavo"]
[Result "0-1"]
[WhiteElo "1798"]
[BlackElo "2087"]
[PlyCount "73"]
[EventDate "2014.04.25"]
[EventType "tourn (corr)"]
[EventRounds "10"]
[EventCountry "GER"]
[SourceTitle "Corr 2015"]
[Source "ChessBase"]
[SourceDate "2015.07.17"]
[SourceVersion "1"]
[SourceVersionDate "2015.07.17"]
[SourceQuality "1"]

1. e4 c5 2. Nf3 d6 3. Bc4 Nf6 4. Nc3 e6 5. d4 cxd4 6. Nxd4 Be7 7. Be3 0-0 8. 0-0 Nc6 9. Bb3 Bd7 10. f4 Nxd4 11. Bxd4 Bc6 12. Qe2 Qc7 13. a3 a6 14. Rad1 b5 15. Rf3 Rab8 16. Re3 b4 17. e5 dxe5 18. Bxe5 Qb6 19. axb4 Rbd8 20. Kh1 Bb5 21. Qe1 Ng4 22. Rg3 Nxe5 23. Qxe5 g6 24. Rg1 Bc6 25. Ne4 Qxb4 26. Nf2 Bd6 27. Qc3 Qxc3 28. Rxc3 Bb5 29. Nd3 Bxd3 30. Rxd3 Bxf4 31. Bc4 a5 32. Re1 Rxd3 33. Bxd3 Kg7 34. g3 Bc7 35. Kg2 e5 36. Rd1 Rd8 37. Be2 0-1

[Event "BI-2014-P-0008"]
[Site "LSS email"]
[Date "2014.04.19"]
[Round "?"]
[White "Zimmermann, Matthias"]
[Black "Silkin, Aleksey Vyacheslavo"]
[Result "1/2-1/2"]
[WhiteElo "1597"]
[BlackElo "2087"]
[PlyCount "101"]
[EventDate "2014.04.25"]
[EventType "tourn (corr)"]
[EventRounds "10"]
[EventCountry "GER"]
[SourceTitle "Corr 2015"]
[Source "ChessBase"]
[SourceDate "2015.07.17"]
[SourceVersion "1"]
[SourceVersionDate "2015.07.17"]
[SourceQuality "1"]

1. Nf3 Nf6 2. g3 g6 3. Bg2 Bg7 4. 0-0 0-0 5. c4 d6 6. Nc3 e5 7. d3 Nc6 8. Rb1 a5 9. a3 Re8 10. Bg5 h6 11. Bxf6 Bxf6 12. b4 axb4 13. axb4 Bg7 14. b5 Ne7 15. e3 c6 16. Qb3 d5 17. bxc6 bxc6 18. Rfc1 Bf5 19. e4 Be6 20. Na4 Qd6 21. Qc2 Red8 22. Nb6 Ra6 23. c5 Qc7 24. Bf1 Qa7 25. Rb4 Ra3 26. Nd2 f5 27. Rcb1 Bf6 28. R4b3 Kg7 29. Rxa3 Qxa3 30. Rb3 Qa5 31. Qc1 d4 32. Rb2 Bg5 33. f4 exf4 34. h4 Bf6 35. e5 Bxe5 36. Qe1 Qxc5 37. gxf4 Bxf4 38. Qxe6 Qd6 39. Qxd6 Rxd6 40. Nbc4 Rd7 41. Bg2 g5 42. hxg5 hxg5 43. Kf1 Kf6 44. Nb3 Rb7 45. Nba5 Rxb2 46. Nxb2 Ng6 47. Nxc6 g4 48. Nc4 Be3 49. Nb4 Kg5 50. Nd5 Bf4 51. Kf2 1/2-1/2

[Event "BI-2013-F-0005"]
[Site "LSS email"]
[Date "2014.02.21"]
[Round "?"]
[White "Gorra, Gorban Grigorii"]
[Black "Silkin, Aleksey Vyacheslavo"]
[Result "1/2-1/2"]
[WhiteElo "1772"]
[BlackElo "2087"]
[PlyCount "83"]
[EventDate "2014.02.27"]
[EventType "tourn (corr)"]
[EventRounds "10"]
[EventCountry "GER"]
[SourceTitle "Corr 2015"]
[Source "ChessBase"]
[SourceDate "2015.07.17"]
[SourceVersion "1"]
[SourceVersionDate "2015.07.17"]
[SourceQuality "1"]

1. e4 c5 2. Nf3 d6 3. Bb5+ Bd7 4. Bxd7+ Qxd7 5. c4 Nc6 6. Nc3 g6 7. d4 cxd4 8. Nxd4 Nf6 9. Nde2 Bg7 10. 0-0 0-0 11. f3 a6 12. a4 e6 13. Bg5 Qc7 14. Be3 Rfd8 15. Rc1 Rac8 16. Nd5 exd5 17. cxd5 Qb8 18. dxc6 bxc6 19. Qd3 Qxb2 20. Qxa6 Nd7 21. Qc4 Qa3 22. Bd4 d5 23. Qc3 Bxd4+ 24. Qxd4 c5 25. Qd2 dxe4 26. fxe4 Qxa4 27. Qf4 f6 28. Rcd1 c4 29. Nc3 Qa3 30. Nd5 Rf8 31. Kh1 Kh8 32. h3 Rf7 33. Rb1 Rc6 34. Rb7 Qd6 35. Qc1 Kg7 36. Qa1 Qe5 37. Qa4 Qe6 38. Qa1 Rc8 39. Rxd7 Qxd7 40. Nb6 Qc6 41. Nxc8 Qxc8 42. e5 1/2-1/2

[Event "BI-2013-F-0005"]
[Site "LSS email"]
[Date "2014.02.21"]
[Round "?"]
[White "Milde, Lars"]
[Black "Silkin, Aleksey Vyacheslavo"]
[Result "1-0"]
[WhiteElo "2075"]
[BlackElo "2087"]
[PlyCount "89"]
[EventDate "2014.02.27"]
[EventType "tourn (corr)"]
[EventRounds "10"]
[EventCountry "GER"]
[SourceTitle "Corr 2015"]
[Source "ChessBase"]
[SourceDate "2015.07.17"]
[SourceVersion "1"]
[SourceVersionDate "2015.07.17"]
[SourceQuality "1"]

1. e4 c5 2. Nf3 d6 3. d4 cxd4 4. Nxd4 Nf6 5. Nc3 a6 6. Bg5 e6 7. f4 Qb6 8. Qd2 Qxb2 9. Rb1 Qa3 10. e5 dxe5 11. fxe5 Nfd7 12. Ne4 h6 13. Bh4 Qxa2 14. Rd1 Qd5 15. Qe3 Qxe5 16. Be2 Bc5 17. Bg3 Qd5 18. c4 Bxd4 19. Rxd4 Qa5+ 20. Rd2 0-0 21. Bd6 Rd8 22. Be7 Re8 23. Bh4 Rf8 24. Be7 Nc6 25. Bxf8 Nxf8 26. 0-0 e5 27. Nd6 f6 28. Bd3 Qc7 29. Ne8 Qe7 30. Nxf6+ gxf6 31. Rdf2 f5 32. Bxf5 Bxf5 33. Rxf5 Qh4 34. Kh1 Ne6 35. Rf7 Rd8 36. Qf3 Ncd4 37. Qxb7 a5 38. c5 Ne2 39. R7f3 N6d4 40. Qf7+ Kh8 41. g3 Qg5 42. Rf6 Rg8 43. c6 Nxc6 44. Rxc6 Nd4 45. Rcf6 1-0

[Event "BI-2013-F-0005"]
[Site "LSS email"]
[Date "2014.02.21"]
[Round "?"]
[White "Silkin, Aleksey Vyacheslavo"]
[Black "Quinones Borda, Jorge Victor"]
[Result "1/2-1/2"]
[WhiteElo "2087"]
[BlackElo "2063"]
[PlyCount "76"]
[EventDate "2014.02.27"]
[EventType "tourn (corr)"]
[EventRounds "10"]
[EventCountry "GER"]
[SourceTitle "Corr 2015"]
[Source "ChessBase"]
[SourceDate "2015.07.17"]
[SourceVersion "1"]
[SourceVersionDate "2015.07.17"]
[SourceQuality "1"]

1. e4 d5 2. exd5 Qxd5 3. Nc3 Qa5 4. d4 Nf6 5. Nf3 c6 6. Ne5 Be6 7. Bd3 Nbd7 8. f4 g6 9. 0-0 Bg7 10. Kh1 Bf5 11. Bxf5 gxf5 12. Qe2 0-0 13. Be3 Rfd8 14. Rf3 Nf8 15. Rg3 Ng6 16. a3 Qc7 17. a4 e6 18. a5 Bf8 19. h4 h5 20. Nxg6 fxg6 21. Rxg6+ Kf7 22. Rxf6+ Kxf6 23. Qxh5 Qg7 24. Bf2 Bd6 25. d5 Bxf4 26. Re1 e5 27. dxc6 bxc6 28. Qf3 Kg6 29. Ne2 Qf6 30. Nxf4+ exf4 31. Qxf4 Re8 32. Rd1 Rad8 33. h5+ Kxh5 34. g4+ Kg6 35. gxf5+ Kh7 36. Rg1 Qh6+ 37. Qxh6+ Kxh6 38. Bxa7 Rd5 1/2-1/2

[Event "WC-2017-P-00013"]
[Site "LSS email"]
[Date "2013.02.27"]
[Round "?"]
[White "Borisovs, Leonids"]
[Black "Silkin, Aleksey Vyacheslavo"]
[Result "1/2-1/2"]
[WhiteElo "2128"]
[BlackElo "2129"]
[PlyCount "63"]
[EventDate "2013.03.03"]
[EventType "tourn (corr)"]
[EventRounds "12"]
[EventCountry "GER"]
[SourceTitle "Telechess CBM 167"]
[Source "ChessBase"]
[SourceDate "2015.07.13"]
[SourceVersion "1"]
[SourceVersionDate "2015.07.13"]
[SourceQuality "1"]

1. d4 d5 2. c4 c6 3. Nf3 Nf6 4. Nc3 e6 5. e3 Nbd7 6. Bd3 dxc4 7. Bxc4 b5 8. Bd3 Bb7 9. 0-0 a6 10. e4 c5 11. d5 Qc7 12. dxe6 fxe6 13. Bc2 Bd6 14. Ng5 Nf8 15. f4 0-0-0 16. Qe2 h6 17. Nf3 Bxf4 18. e5 Bxf3 19. Qxf3 Bxe5 20. Qa8+ Kd7 21. Qxa6 b4 22. Nb5 Qc6 23. Rd1+ Nd5 24. Rxd5+ Qxd5 25. Be3 Ke7 26. Na7 Kf7 27. Nc6 Rd7 28. Bb3 Qe4 29. Bxc5 Bxb2 30. Qa8 Qe2 31. Rf1+ Kg6 32. Rf2 1/2-1/2

[Event "WC-2017-P-00013"]
[Site "LSS email"]
[Date "2013.02.27"]
[Round "?"]
[White "Silkin, Aleksey Vyacheslavo"]
[Black "Borisovs, Leonids"]
[Result "1-0"]
[WhiteElo "2129"]
[BlackElo "2128"]
[PlyCount "103"]
[EventDate "2013.03.03"]
[EventType "tourn (corr)"]
[EventRounds "12"]
[EventCountry "GER"]
[SourceTitle "Telechess CBM 167"]
[Source "ChessBase"]
[SourceDate "2015.07.13"]
[SourceVersion "1"]
[SourceVersionDate "2015.07.13"]
[SourceQuality "1"]

1. Nf3 d5 2. d4 Nf6 3. c4 c6 4. Nc3 dxc4 5. a4 Bf5 6. e3 e6 7. Bxc4 Bb4 8. 0-0 0-0 9. Qe2 Bg4 10. h3 Bh5 11. g4 Bg6 12. Ne5 Nbd7 13. Nxg6 hxg6 14. Rd1 Qc7 15. f4 Nb6 16. Bd3 Nfd5 17. Bd2 a5 18. Rf1 Be7 19. Qf2 f5 20. g5 Nb4 21. Be2 Bd6 22. h4 Qf7 23. Kg2 Rfd8 24. Rh1 N4d5 25. h5 Ne7 26. Rh3 gxh5 27. Bxh5 Ng6 28. Rah1 Kf8 29. e4 Nc4 30. Bc1 Bb4 31. Qc2 Nd6 32. e5 Ne8 33. Na2 Be7 34. Qb3 Rdb8 35. Bd2 Nc7 36. Kg3 Nd5 37. Nc3 Nc7 38. Qb6 Bd8 39. Qc5+ Be7 40. Qb6 Bd8 41. Bxg6 Qxg6 42. Rh8+ Kf7 43. Rxd8 Rxd8 44. Qxc7+ Kg8 45. d5 exd5 46. Ne2 d4 47. Qb6 Qf7 48. Nxd4 Qd5 49. Nf3 Qf7 50. Re1 Rd3 51. e6 Qe7 52. Qf2 1-0

[Event "WC-2017-P-00013"]
[Site "LSS email"]
[Date "2013.02.27"]
[Round "?"]
[White "Silkin, Aleksey Vyacheslavo"]
[Black "Leiva, Juan"]
[Result "1-0"]
[WhiteElo "2129"]
[BlackElo "1576"]
[PlyCount "61"]
[EventDate "2013.03.03"]
[EventType "tourn (corr)"]
[EventRounds "12"]
[EventCountry "GER"]
[SourceTitle "Telechess CBM 167"]
[Source "ChessBase"]
[SourceDate "2015.07.13"]
[SourceVersion "1"]
[SourceVersionDate "2015.07.13"]
[SourceQuality "1"]

1. d4 d6 2. e4 e5 3. Nf3 exd4 4. Nxd4 g6 5. Nc3 Bg7 6. Be3 Nc6 7. Qd2 Nf6 8. f3 0-0 9. 0-0-0 Nxd4 10. Bxd4 Be6 11. g4 c6 12. h4 b5 13. h5 b4 14. Na4 c5 15. Be3 Qa5 16. b3 c4 17. hxg6 hxg6 18. Bh6 Qe5 19. Qe3 Nd7 20. Bxg7 Qxg7 21. Kb1 Nb6 22. Nb2 d5 23. e5 Rac8 24. g5 Rc7 25. f4 Rfc8 26. Bh3 Rc6 27. Bxe6 fxe6 28. Rh6 Nd7 29. bxc4 dxc4 30. Rxd7 Qxd7 31. Rxg6+ 1-0

[Event "CP-2012-P-00045"]
[Site "LSS email"]
[Date "2012.10.01"]
[Round "?"]
[White "Pauk, Jozef"]
[Black "Silkin, Aleksey Vyacheslavo"]
[Result "0-1"]
[WhiteElo "880"]
[BlackElo "2151"]
[PlyCount "60"]
[EventDate "2012.10.05"]
[EventType "tourn (corr)"]
[EventRounds "6"]
[EventCountry "GER"]
[SourceTitle "Telechess CBM 161"]
[Source "ChessBase"]
[SourceDate "2014.07.16"]
[SourceVersion "1"]
[SourceVersionDate "2014.07.16"]
[SourceQuality "1"]

1. e4 e5 2. Nf3 Nf6 3. d3 Nc6 4. Bg5 Be7 5. Bxf6 Bxf6 6. Nc3 d6 7. Nd5 Be6 8. c4 0-0 9. h3 Nd4 10. Nxd4 exd4 11. Be2 Bg5 12. g3 c6 13. Nf4 Qa5+ 14. Kf1 Bxf4 15. gxf4 f5 16. e5 dxe5 17. fxe5 Qxe5 18. Qd2 f4 19. Bg4 Rae8 20. Re1 Qf6 21. f3 Bf7 22. Rh2 Re3 23. b3 h5 24. Bd7 Rd8 25. Bxc6 Qxc6 26. Rxe3 dxe3 27. Qe2 Bg6 28. Qd1 Rxd3 29. Qa1 Qxf3+ 30. Kg1 Rd1+ 0-1

[Event "CP-2012-P-00045"]
[Site "LSS email"]
[Date "2012.10.01"]
[Round "?"]
[White "Potemri, Stefan"]
[Black "Silkin, Aleksey Vyacheslavo"]
[Result "0-1"]
[WhiteElo "1638"]
[BlackElo "2151"]
[PlyCount "90"]
[EventDate "2012.10.05"]
[EventType "tourn (corr)"]
[EventRounds "6"]
[EventCountry "GER"]
[SourceTitle "Telechess CBM 161"]
[Source "ChessBase"]
[SourceDate "2014.07.16"]
[SourceVersion "1"]
[SourceVersionDate "2014.07.16"]
[SourceQuality "1"]

1. e4 c5 2. Nf3 d6 3. d4 cxd4 4. Nxd4 Nf6 5. Nc3 a6 6. Bc4 e6 7. 0-0 b5 8. Bd3 Bb7 9. f3 Nbd7 10. Be3 b4 11. Nce2 d5 12. Ng3 Bd6 13. exd5 Nxd5 14. Qd2 Qc7 15. Be4 Nxe3 16. Qxe3 Bxe4 17. Qxe4 0-0 18. Rad1 Nf6 19. Qc6 Qxc6 20. Nxc6 Nd5 21. Rfe1 Rac8 22. Nd4 Bc7 23. Re2 Bb6 24. Kh1 Rc4 25. Nb3 Rfc8 26. Rdd2 Be3 27. Rxd5 exd5 28. Rxe3 Rxc2 29. h3 Rxb2 30. Nd4 Rxa2 31. Nc6 d4 32. Nxd4 g6 33. Ne4 a5 34. Kh2 a4 35. Kg3 a3 36. Nb5 Kg7 37. Rd3 Ra8 38. Rd7 Re2 39. Nc5 a2 40. Nb3 Rb2 41. N5d4 Ra3 42. Na1 Rb1 43. Ndc2 b3 44. Nxa3 Rxa1 45. Nc4 Rc1 0-1

[Event "CP-2012-P-00045"]
[Site "LSS email"]
[Date "2012.10.01"]
[Round "?"]
[White "Silkin, Aleksey Vyacheslavo"]
[Black "Sheers, Matthew Philip"]
[Result "1-0"]
[WhiteElo "2151"]
[BlackElo "1770"]
[PlyCount "83"]
[EventDate "2012.10.05"]
[EventType "tourn (corr)"]
[EventRounds "6"]
[EventCountry "GER"]
[SourceTitle "Telechess CBM 161"]
[Source "ChessBase"]
[SourceDate "2014.07.16"]
[SourceVersion "1"]
[SourceVersionDate "2014.07.16"]
[SourceQuality "1"]

1. Nf3 Nf6 2. c4 e6 3. Nc3 d5 4. d4 c6 5. e3 Nbd7 6. Qc2 b6 7. Bd3 Bb7 8. 0-0 Be7 9. b3 dxc4 10. bxc4 c5 11. d5 exd5 12. cxd5 Nxd5 13. Nxd5 Bxd5 14. Rd1 Bxf3 15. gxf3 Bf6 16. Rb1 Qe7 17. Bf5 Rd8 18. Qa4 g6 19. Bxd7+ Rxd7 20. Rb3 Kd8 21. Rbd3 Rxd3 22. Rxd3+ Kc8 23. Qc6+ Qc7 24. Qxf6 Rd8 25. Rxd8+ Qxd8 26. Qc6+ Qc7 27. Qa8+ Kd7 28. Bb2 Kd6 29. e4 Ke7 30. Bg7 Kd7 31. Qd5+ Ke8 32. Bf6 h6 33. f4 c4 34. f3 Qc5+ 35. Qxc5 bxc5 36. Kf2 Kd7 37. Ke3 Kc6 38. Kd2 Kb5 39. Kc3 h5 40. Be7 a6 41. Bd8 Kc6 42. Kxc4 1-0